000 00274nam a2200121Ia 4500
008 190216s9999||||xx |||||||||||||| ||und||
100 _aNull
245 0 _aHindi-Muhavara Yevam Lokokthikosh
260 _bJohn Wiley & Sons
300 _a240
650 _aHindi
942 _cBK
999 _c16049
_d16049